「県庁前駅」がある県 - Statistics

General Stats
  • This quiz has been taken 116 times
  • The average score is 6 of 7
Answer Stats
Answer % Correct
広島県
95%
沖縄県
94%
千葉県
87%
愛媛県
86%
富山県
83%
高知県
82%
兵庫県
81%
No matching quizzes found
Score Distribution
Percent of People with Each Score
Percentile by Number Answered
Your Score History
You have not taken this quiz